000 01229nam a22002417a 4500
005 20110805114022.0
008 110805t xxu||||| |||| 00| 0 mar d
010 _aMAR-21188
020 _a9788184980738
_c140.00
035 _aMR-13846
037 _bDBAD/PUB
040 _aDPL
_bMR
082 _a616.8914
100 _aपॅटाकोस,अँलेक्स
_931501
245 _aप्रिझनर्स ऑफ अवर थॉट्स /
_bअँलेक्स पॅटाकोस : विजया बापट द्वारा अनुवादित
246 _aPrisoners of our thoughts
_bby Alex Pattakos
260 _aपुणे
_bमेहता पब्लिशिंग हाऊस
_c2009
270 _a1941 सदाशिव पेठ,माडीवाले कॉलनी,
_bपुणे
_e411030
300 _aएकोणीस,146पृ.
_c22सेमी(अजिल्द)
700 _aबापट,विजया
_931502
942 _2ddc
_cMR
_h616.8914
_mपॅटाको
999 _c54956
_d54956